| 000 | 00422nam a2200157Ia 4500 | ||
|---|---|---|---|
| 008 | 180921t1958 xxu||||| |||| 00| 0 eng d | ||
| 041 | _aeng | ||
| 080 |
_a581.48 _bSRI |
||
| 245 | _aSeeds list :Royal botanic gardens Peradeniya Ceylon | ||
| 260 |
_bGovernment press _c1958 |
||
| 300 | _a37p., 22 cm | ||
| 650 |
_aFruit tress _aShade _aShrubs |
||
| 942 | _cBK | ||
| 999 |
_c16114 _d16114 |
||
| 003 | LK-CoDNM | ||
| 040 |
_aLK-CoDNM _dLK-CoDNM _eLK-CoDNM |
||